Política de tasa de cambio en América Latina (Registro nro. 2669)
[ vista simple ]
| 000 -LEADER | |
|---|---|
| fixed length control field | 01561 a2200265 4500 |
| 001 - CONTROL NUMBER | |
| control field | 36634 |
| 005 - DATE AND TIME OF LATEST TRANSACTION | |
| control field | 20260407155640.0 |
| 008 - FIXED-LENGTH DATA ELEMENTS--GENERAL INFORMATION | |
| fixed length control field | 260407a2001 arg spa d |
| 003 - CONTROL NUMBER IDENTIFIER | |
| control field | AR-UNSa-BCEJYS |
| 040 ## - CATALOGING SOURCE | |
| Original cataloging agency | AR-UNSa-BCEJYS |
| Language of cataloging | spa |
| Transcribing agency | AR-UNSa-BCEJYS |
| 080 ## - UNIVERSAL DECIMAL CLASSIFICATION NUMBER | |
| Universal Decimal Classification number | 336.74 |
| Common auxiliary subdivision | Moneda. Sistema monetario |
| 020 ## - INTERNATIONAL STANDARD BOOK NUMBER | |
| International Standard Book Number | 950-694-645-0 |
| 041 ## - LANGUAGE CODE | |
| Language code of text/sound track or separate title | spa |
| 100 1# - MAIN ENTRY--PERSONAL NAME | |
| Personal name | Wise, Carol |
| 245 10 - TITLE STATEMENT | |
| Title | Política de tasa de cambio en América Latina |
| 264 #1 - PRODUCTION, PUBLICATION, DISTRIBUTION, MANUFACTURE, AND COPYRIGHT NOTICE | |
| Place of production, publication, distribution, manufacture | Buenos Aires : |
| Name of producer, publisher, distributor, manufacturer | Grupo Editor Latinoamericano |
| Date of production, publication, distribution, manufacture, or copyright notice | 2001 |
| 300 ## - PHYSICAL DESCRIPTION | |
| Extent | 217 p. |
| Dimensions | 23 cm. |
| 505 ## - FORMATTED CONTENTS NOTE | |
| Formatted contents note | 1. Introducción: debates, desempeño y la política de elegir políticas / Carol Wise - 2. Régimen y política de tasa de cambio: un panorama / W. Max Corden - 3. El colapso del peso mexicano: causas, consecuencias y retorno a una situación mejor / Timothy Kessler - 4. La crisis de la moneda brasileña: el paso de un anclaje de tasa de cambio a un régimen flexible / Eliana Cardoso - 5. La convertibilidad en la Argentina: ¿los lazos que obligan? / Carol Wise - 6. Estados rezagados en las reformas y la cuestión de la devaluación: la respuesta de Venezuela a las conmociones exógeneas de 1997-98 / Javier Corrales - 7. La política de manejo de la tasa de cambio en la década de 1990 / Riordan Roett |
| 590 ## - LOCAL NOTE (RLIN) | |
| Local note | niveau_biblio:m niveau_hierar:0 |
| 700 1# - ADDED ENTRY--PERSONAL NAME | |
| Personal name | Roett, Riordan |
| 700 1# - ADDED ENTRY--PERSONAL NAME | |
| Personal name | Piña, Cristina |
| 700 1# - ADDED ENTRY--PERSONAL NAME | |
| Personal name | Carrier, Enrique |
| 700 1# - ADDED ENTRY--PERSONAL NAME | |
| Personal name | Argentina. Ministerio de Relaciones Exteriores, Comercio Internacional y Culto. Instituto del Servicio Exterior de la Nación (ISEN) |
| 942 ## - ADDED ENTRY ELEMENTS (KOHA) | |
| Koha item type | |
| Withdrawn status | Lost status | Damaged status | Not for loan | Home library | Current library | Shelving location | Date acquired | Total checkouts | Full call number | Barcode | Date last seen | Price effective from | Koha item type |
|---|---|---|---|---|---|---|---|---|---|---|---|---|---|
| Biblioteca Prof. Eusebio Cleto del Rey | Biblioteca Prof. Eusebio Cleto del Rey | 07/04/2026 | 336.74 W812 | L125327 | 07/04/2026 | 07/04/2026 | Libro |